000 00841nam a22002417a 4500
001 BR7807296
003 BR-BrBNA
005 20230928085816.0
007 ta
008 230509b bl.||||| |||| 00| 0 por d
040 _aBR-BrBNA
_bpor
_cBiblioteca Nacional de Agricultura
041 _a(Por)
072 _aU20
_b/G514
090 _ U20 BR7807296
100 1 _aRobredo, J.
110 1 _aBiblioteca Nacional de Agricultura, Brasilia, DF (Brasil)
_91256
245 1 _aBRACARIS 1. - Programa para selecao de registros brasileiros no arquivo CARIS e inclusao de titulos em portugues dos programas/projetos de pesquisa agricola em andamento [sistema de informacao, Brasil]
_bDOC/TEC/78/006
260 3 _aBrasilia, DF (Brasil):
_c1978.
300 _a15 p.
650 _aDOCUMENTACAO
909 _a202309
_bLucia
_c55
_dLucia Elande
942 _cBK
999 _c26454
_d26454